Catálogo
 En Linea

Extición : (Registro nro. 19352)

Detalles MARC
000 -CABECERA
campo de control de longitud fija 00693nam a2200205 a 4500
001 - NÚMERO DE CONTROL
campo de control 000019839
005 - FECHA Y HORA DE LA ÚLTIMA TRANSACCIÓN
campo de control 20200929170147.0
008 - DATOS DE LONGITUD FIJA--INFORMACIÓN GENERAL
campo de control de longitud fija 100707s1984 ag r 000 0 spa d
020 ## - NÚMERO INTERNACIONAL ESTÁNDAR DEL LIBRO
Número Internacional Estándar del Libro 9509097160
040 ## - FUENTE DE LA CATALOGACIÓN
Centro catalogador/agencia de origen DO-SdBNP
Lengua de catalogación spa
Centro/agencia transcriptor BNPHU
082 ## - NÚMERO DE LA CLASIFICACIÓN DECIMAL DEWEY
Número de clasificación xxxx
Número de documento/Ítem E337e
049 ## - FONDOS LOCALES (OCLC)
Fondos de biblioteca BNGR
100 1# - ENTRADA PRINCIPAL--NOMBRE DE PERSONA
Nombre de persona Ehrlich, Paul
9 (RLIN) 42346
245 10 - MENCIÓN DE TÍTULO
Título Extición :
Resto del título causas y consecuencias de la desaparición de las especies /
Mención de responsabilidad, etc. Paul Ehrlich , Anne Ehrlich ; traducción César Aira.
260 ## - PUBLICACIÓN, DISTRIBUCIÓN, ETC.
Lugar de publicación, distribución, etc. Buenos Aires, Argentina :
Nombre del editor, distribuidor, etc. Editorial Fraterna,
Fecha de publicación, distribución, etc. 1984.
300 ## - DESCRIPCIÓN FÍSICA
Extensión 404 p. ;
Dimensiones 23 cm.
500 ## - NOTA GENERAL
Nota general Incluye índice de nombres de animales.
700 1# - PUNTO DE ACCESO ADICIONAL--NOMBRE DE PERSONA
Nombre de persona Ehrlich, Anne
9 (RLIN) 42347
700 1# - PUNTO DE ACCESO ADICIONAL--NOMBRE DE PERSONA
Nombre de persona Aira, César,
Término indicativo de función/relación tr.
9 (RLIN) 42348
Existencias
Estado de retiro Estado de pérdida Restricciones de uso No para préstamo Código de colección Localización permanente Ubicación/localización actual Ubicación en estantería Fecha de adquisición Número de inventario Total de préstamos Signatura topográfica completa Código de barras Fecha visto por última vez Precio válido a partir de Tipo de ítem Koha Número de copia
        Monografías: Libros y Folletos General General En catalogación 07.07.2010 LF1   xxxx E337e 19839-10 25.06.2020 25.06.2020 Préstamo en sala  
      Préstamo restrigido Monografías: Libros y Folletos General General En catalogación 07.07.2010 LF1   xxxx E337e 19839-20 25.06.2020 25.06.2020 Préstamo en sala e. 2

Con tecnología Koha